Marketing social: manual práctico

Saved in:
Bibliographic Details
Main Author: Mendive, Daniel Eber (autor)
Format: Book
Language:Spanish
Published: Buenos Aires De los Cuatros Vientos 2008
Edition:1a. ed
Series:Marketing
Subjects:
Tags: Add Tag
No Tags, Be the first to tag this record!

MARC

LEADER 00000nam a2200000 a 4500
001 UCI9362
003 CL-VaPUC
008 081113e20080000AG |||||||||||||||||spa|d
020 |a 9789875649965 
082 0 4 |a 658.8  |b MEN  |2 21 
100 |a Mendive, Daniel Eber  |e autor  |9 533079 
245 1 0 |a Marketing social: manual práctico 
250 |a 1a. ed 
300 |a 238 p 
942 |c BK 
945 |d 20081113 00:00:00  |a rbrito 
260 |a Buenos Aires  |b De los Cuatros Vientos  |c 2008 
650 0 |a Marketing  |9 259324 
650 0 |a Análisis de marketing   |9 533080 
583 |a last modification  |c 20081113 00:00:00  |k Rodrigo Vera 
490 0 |a Marketing 
999 |c 331920  |d 331918 
952 |0 0  |1 0  |4 0  |6 658_800000000000000_MEN_2008  |7 0  |8 A  |9 419157  |a BIBCUR  |b BIBCUR  |d 2019-11-22  |i 4495977  |o 658.8 MEN 2008  |p 4495977  |r 2025-04-22  |w 2019-11-22  |y BK  |k MGC